Applying UML And Patterns: (Record no. 176461)
[ view plain ]
| 000 -LEADER | |
|---|---|
| fixed length control field | 00642 a2200157 4500 |
| 003 - CONTROL NUMBER IDENTIFIER | |
| control field | NUST |
| 005 - DATE AND TIME OF LATEST TRANSACTION | |
| control field | 20230529190850.0 |
| 040 ## - CATALOGING SOURCE | |
| Transcribing agency | Nust |
| 082 ## - DEWEY DECIMAL CLASSIFICATION NUMBER | |
| Classification number | 004.67,LAR |
| 100 ## - MAIN ENTRY--PERSONAL NAME | |
| Personal name | Larman,Craig |
| 245 ## - TITLE STATEMENT | |
| Title | Applying UML And Patterns: |
| Remainder of title | An Introduction to Object oriented Analysis and Design and the Unfied process / |
| Statement of responsibility, etc. | Craig Larman |
| 250 ## - EDITION STATEMENT | |
| Edition statement | 2nd ed |
| 300 ## - PHYSICAL DESCRIPTION | |
| Extent | 626:p. |
| 505 ## - FORMATTED CONTENTS NOTE | |
| Formatted contents note | Part-I: Introduction (Page-30, Part-II: Inception (Page-35), Part-III: Elaboration Iteration (Page-117), Part-IV: Elaboration Iteration2(Page-3190, Par-V: Elaboration Iteration3 (Page-383), Part-VI: Specal Topics (Page-567). |
| 942 ## - ADDED ENTRY ELEMENTS (KOHA) | |
| Source of classification or shelving scheme | |
| Koha item type | Book |
| Call number prefix | 004.67,LAR |
| Withdrawn status | Lost status | Source of classification or shelving scheme | Damaged status | Not for loan | Permanent Location | Current Location | Shelving location | Date acquired | Full call number | Barcode | Date last seen | Price effective from | Koha item type | Public note |
|---|---|---|---|---|---|---|---|---|---|---|---|---|---|---|
| Military College of Signals (MCS) | Military College of Signals (MCS) | General Stacks | 12/12/2016 | 004.67,LAR | MCS32672 | 12/08/2016 | 12/12/2016 | Book | Almirah No.80, Shelf No.1 |
